书目信息 |
| 书名: | American Education | |
| 作者: | Joel Spring. | |
| 分册号: | ||
| 分册名: | 出版地: | New York : |
|
| 出版社: | McGraw-Hill, Inc | |
| 出版时间: | 1996. | |
| 页数: | 291 p. ; | |
| 开本: | 26cm. | |
| 丛书名: | ||
| 中图分类号: | ||
| 科图分类号: | ||
| 其他分类号: | G571.2 | |
| 主题词: | ||
| 电子资源: | ||
| 000 | 00415nam 2200157 a 4500 | |
| 001 | E0136200047 | |
| 005 | 2001121310031974 | |
| 008 | 011213s1996 00010 eng | |
| 020 | @a0-07-060557-2 :@cRMB 12.00. | |
| 040 | @aPFT@beng | |
| 090 | @aG571.2 | |
| 099 | @dG571.2@eS769 | |
| 245 | @aAmerican Education / @cJoel Spring. | |
| 250 | @a7th ed. | |
| 260 | @aNew York :@bMcGraw-Hill, Inc.,@c1996. | |
| 300 | @a291 p. ;@c26cm. | |
| American Education / / Joel Spring.-7th ed.-New York : : McGraw-Hill, Inc., , 1996. |
| 291 p. ; ; 26cm. |
| ISBN 0-07-060557-2 :RMB 12.00. |
| ● |
| 相关链接 |
|
|
|
正题名:American Education
索取号:G571.2/S769
 
预约/预借
| 序号 | 登录号 | 条形码 | 馆藏地/架位号 | 状态 | 备注 |
| 1 | 01300 | 300013009 | 社科库409/409社科库 119排2列2层/ [索取号:G571.2/S769] | 在馆 | |
| 2 | 0687 | 300006874 | 社科库409/409社科库 119排2列2层/ [索取号:G571.2/S769] | 在馆 |